| 000 | 00653nam a22002057a 4500 | ||
|---|---|---|---|
| 999 |
_c9961 _d9961 |
||
| 003 | AR-CdUCM | ||
| 008 | 190328b ||||| |||| 00| 0 spa d | ||
| 040 |
_aMUNICIPALIDAD PROVINCIAL DEL CUSCO _cBIBLIOTECA MUNICIPAL DEL CUSCO |
||
| 082 |
_a869.58 / _bI23 |
||
| 100 |
_aIbáñez Rosazza, Mercedes _915621 |
||
| 245 | _aExplicación de los días / | ||
| 260 |
_aTrujillo : _bCasa de la Poesía : _c1964. |
||
| 300 |
_a60 paginas ; _c20 cm. |
||
| 500 | _aDonación familia Nieto. | ||
| 505 | _aContenido :Poesía. | ||
| 650 |
_aPoesías peruanas _91481 |
||
| 650 |
_aPoesías del siglo XX. _915565 |
||
| 942 |
_2ddc _cLIBROS |
||
| 945 |
_apjha _d2019-05-07 |
||